Statistics for The Other Side - Lyrics

Click here to take the quiz!

General Stats

  • This quiz has been taken 48 times
    (27 since last reset)
  • The average score is 60 of 66

Answer Stats

Answer% Correct
Right here, right {now}
100%
Ain't in a {cage} so I don't need to take the the key
94%
A king of {conventional}
94%
And I can cut {you} free
94%
And if it's {crazy} live a little {crazy}
94%
And that {whole} show you do
94%
And we don't pick up {peanut} shells
94%
But I {guess} I'll leave that up to you
94%
But I live among the {swells}
94%
But is this {really} how you like to spend your days
94%
But you would finally {live} a little
94%
Cause I got what I {need} and I don't want
to take a ride
94%
Cause I got what you {need } so come
with me and take a ride
94%
Cause I quite enjoy the life you
say I'm {trapped} in
94%
Cause we got what we need so come along and take a {ride}
94%
Cause you can do { like} you do
94%
Disgraced and disowned another one of the {clowns}
94%
Don't you know that I'm {okay}
94%
Don't you {want} to get away
94%
Don't you want to get away to a {whole} new part you get to play
94%
Fifteen? I'd do eight. Twelve? Maybe {nine}? Ten.
94%
Finally {laugh} a little
94%
From the same old {part} you got to play
94%
I'd give you seven we could {shake} and make it happen
94%
I don't {need} to see the other side
94%
I don't need to {see} the other side
94%
I don't want to {chase} you down
94%
I {know} you see it
94%
I'll have to {leave} that up to you
94%
I'm {good} to do like me
94%
I put the {offer} out
94%
I think I'm {good} to go
94%
It'll take you { to} the other side
94%
It'll take you to the {other} side
94%
Now I {admire} you
94%
Now we can do like I do so we can do {like} me
94%
Oh damn can't you see I'm {doing} fine
94%
Oh damn {suddenly} we're free to fly
94%
Oh damn, {suddenly} you're free to fly
94%
Okay my {friend} you want to cut me in
94%
Or you can do like { me}
94%
So {go} and do like you do
94%
So { thanks} but no
94%
So what {percentage} of the show would I be taking
94%
To the other {side}
94%
Well fair enough you'd want a piece of all the {action}
94%
We're {going} to the other side
94%
You can play it {sensible}
94%
You're onto {something} really it's {something}
94%
Forget the cage cause we know how to {make} the key
88%
If I were {mixed} up with you I'd be the talk of the town
88%
I wasn't born this morning {eighteen} would be just fine
88%
Now that's a {deal} that seems worth taking
88%
Or you can {risk } it all and see
88%
Stay in your cage or you'll {finally} take the key
88%
Wake you up and cure your {aching}
88%
Well I { hate } to tell you but it just won't happen
88%
With this {uptown} part I get to play
88%
You {run} with me
88%
Just let me give you the {freedom} to dream a little
82%
So trade your typical for something {colourful}
82%
Take your {walls} and start them breaking
82%
Whiskey and {misery} and parties and plays
82%
Well it's {intriguing} but to go would cost me greatly
76%
Out of the {drudgery} and walls you keep in
65%
Why not just go ahead and ask for {nickels} on a dime
65%

Score Distribution

Percentile by Number Answered

Percent of People with Each Score

Your Score History

You have not taken this quiz since the last reset